| 000 | 00698nam a2200217 a 4500 | ||
|---|---|---|---|
| 001 | 000037711 | ||
| 003 | 000037711 | ||
| 005 | 20180221105613.0 | ||
| 008 | 121115s2012 dr 000 0 spa d | ||
| 020 | _a9789945868883 | ||
| 040 |
_aBM _bspa _cBM |
||
| 100 | 1 | _aMessón, Omar | |
| 245 | 1 | 0 |
_cOmar Messón. _aAlbedrío / |
| 246 | 1 | 3 | _aPor nuestro país primero |
| 260 |
_aSanto Domingo : _bSociedad Cultural Renovación , _c2012. |
||
| 300 |
_a72 p. : ; _c23 cm. |
||
| 500 | _aPremio Emilio Prud´Homme 2011 género poesía, concurso Literario Por Nuestro País Primero | ||
| 942 |
_2ddc _cBK |
||
| 945 | _aTítulo remanejado para BNPHU / 2017 VM | ||
| 956 |
_aVMATEO _b10 _c20150728 _lBPMSU _h0069 |
||
| 999 |
_c7098 _d7098 |
||